Hacia el fortalecimiento de los sistemas institucionales responsables de la definición, implementación y ajuste de las políticas para la agricultura en América Central, México, Panamá y República Dominicana

שמור ב:
מידע ביבליוגרפי
מחבר תאגידי: PROPLAN
פורמט: Texto
יצא לאור: San José: PROPLAN
תגים: הוספת תג
אין תגיות, היה/י הראשונ/ה לתייג את הרשומה!

MARC

LEADER 00000 a a2200000 04500
001 24558
003
040
090 |a 176400  
110 |a PROPLAN  
245 |a Hacia el fortalecimiento de los sistemas institucionales responsables de la definición, implementación y ajuste de las políticas para la agricultura en América Central, México, Panamá y República Dominicana  
260 |a San José:   |b PROPLAN  
300 |a 49 p.  
999 |c 14936  |d 14936